000 01005nam a2200217 i 4500
001 152053
003 ES-MaACL
005 20230908185404.0
008 931025s1900 sp |||| | spa d
080 _a821.134.2-2"18"
100 1 _aBeruete, Aureliano de,
_d1845-1912
_9149341
245 1 0 _aEntre rocas :
_bdrama en tres actos y en prosa /
_coriginal de Aureliano Beruete y Moret.
260 _aMadrid :
_b[s.n.],
_c1900 (
_fR. Velasco, imp.)
300 _a50 p. ;
_c20 cm.
530 _aDisponible en formato digital.
594 _aEn cub., precede al tít.: Sociedad de Autores Españoles.
710 2 _aSociedad de Autores Españoles.
_9171890
852 4 _aES-MaACL
_jF-8634(4)
_z- Enc. pasta española, conservando la enc. original
_z- Enc. en un vol. facticio formando parte de la col. facticia "Teatro español moderno", v. 89
_z- Dedicatoria autógrafa del autor
856 4 _uhttp://www.archive.org/details/entrerocasdramae00beru
_zInternet Archive
999 _c152053
_d152053